How to think like a computer scientist: Learning with Python (Record no. 5483)

MARC details
000 -LEADER
fixed length control field 00491nam a2200169Ia 4500
008 - FIXED-LENGTH DATA ELEMENTS--GENERAL INFORMATION
fixed length control field 230917s9999||||xx |||||||||||||| ||und||
020 ## - ISBN
Price RS 349.00
040 ## - CATALOGING SOURCE
-- 5006882
Original cataloging agency VIVEKANANDA LIBRARY
041 ## - Language
-- English
082 ## - DDC NUMBER
Classification number 005.133 D758H
100 ## - MAIN ENTRY--PERSONAL NAME
Personal name Downey, Allen
245 #0 - TITLE STATEMENT
Title How to think like a computer scientist: Learning with Python
260 ## - PUBLICATION, DISTRIBUTION, ETC. (IMPRINT)
Place of publication, distribution, etc Wellesley
Name of publisher, distributor, etc Green Tea Press
Date of publication, distribution, etc 2016
300 ## - PHYSICAL DESCRIPTION
Pages xxviii, 250 p.
500 ## - GENERAL NOTE
General note 4533 10/02/2022 HBD22/1134495 25/02/2022 Main Budget
942 ## - ADDED ENTRY ELEMENTS (KOHA)
Koha item type Books
Holdings
Withdrawn status Lost status Damaged status Not for loan Location (home branch) Sublocation or collection (holding branch) Date acquired Koha issues (times borrowed) Koha full call number Accession No. Koha date last seen Koha item type
        VIVEKANANDA LIBRARY VIVEKANANDA LIBRARY 25/03/2022   005.133 D758H 400536 17/09/2023 Books
        VIVEKANANDA LIBRARY VIVEKANANDA LIBRARY 25/03/2022 4 005.133 D758H 400537 17/03/2025 Books
© Designed and Maintained by Vivekananda Library, MDU Rohtak